| 000 | 00515 a2200181 4500 | ||
|---|---|---|---|
| 003 | OSt | ||
| 005 | 20240207144420.0 | ||
| 008 | 240207b |||||||| |||| 00| 0 eng d | ||
| 020 | _a9789383756933 | ||
| 040 | _coclc | ||
| 082 |
_a894.8129 _bSAT/A |
||
| 100 |
_aSatchidanandan _97562 |
||
| 245 |
_aAnubhavam orma yathra / _cSatchidanandan |
||
| 250 | _a1st ed. | ||
| 260 |
_aKozhikode: _bOlive Publications, _c2013. |
||
| 300 | _a289p. | ||
| 942 |
_2ddc _cBK _h894.8129 _iSAT/A _k894.8129 _mSAT/A |
||
| 999 |
_c44362 _d44362 |
||